000 01760nam a2200409 i 4500
003 DO-SdBNP
005 20250716103816.0
007 ta
008 230623b2021 sp ac||| |||| 00| 0 spa d
020 _a9789945443622 (serie)
020 _a9789945629071 (volumen)
040 _aDO-SdBNP
_bspa
_cBNPHU
_erda
041 _aspa
082 4 _aRD860.8
_bC744o, 2021
_222
111 2 _aConcurso de Arte y Literatura Bancentral
_n(24 :
_d2020 :
_cSanto Domingo, República Dominicana)
_975200
245 1 0 _aObras premiadas :
_bvigésimo cuarto concurso de arte y literatura Bancentral 2011 /
_cedición, José Alcántara Almánzar, Elvis Soto Batista
264 1 _aSanto Domingo :
_bBanco Central de la República Dominicana,
_c2021.
300 _a165 páginas :
_bilustraciones, retratos ;
_c24 cm.
336 _2rdacontent
_atexto
_btxt
337 _2rdamedia
_asin mediación
_bn
338 _2rdacarrier
_avolumen
_bnc
490 1 _aBanco Central de la República Dominicana
_v286
490 1 _aObras premiadas
_v24
500 _aIncluye palabras del gobernador del banco Héctor Valdez Albizu en la solapa de la cubierta
590 _aInventariado, 2023/BT
650 4 _aCertámenes literarios
_ySiglo XXI
_943523
650 4 _aLiteratura dominicana
_ySiglo XXI
_943524
650 4 _aPremios literarios
_ySiglo XXI
_943525
650 4 _aArte y literatura
_ySiglo XXI
_975187
700 1 _aValdez Albizu, Héctor,
_d1947-
_eedición
_912322
700 1 _aSoto Batista, Elvis,
_eeditor
_4ed.
_983581
700 1 _aalcátara Almánzar, José,
_eeditor
_4ed.
_973875
710 2 _aBanco Central de la República Dominicana
_983405
830 0 _aBanco Central de la República Dominicana
_n286
_pObras premiadas
_n24
_988369
910 _aBtavárez
942 _2ddc
_cLBS1
999 _c53929
_d53929